000 00581nam a2200193Ia 4500
003 OSt
005 20221007082818.0
006 a|||||r|||| 00| 0
007 ta
008 221006b |||||||| |||| 00| 0 eng d
024 _a23,118
037 _cDissertations
040 _aFLL
_cFLL
_beng
041 _2eng
_aeng
100 _aMangal Murti Ravi Shekhar
_9699533
245 0 _aWTO- Trips agreement and its implication on India Patent Rdgime with reference to India pharmaceutical section.
942 _cDIS
_2CC
999 _c1167817
_d1167817